Statistics for Click to translate : Picard #2

Click here to take the quiz!

General Stats

  • This quiz has been taken 30 times
  • The average score is 9 of 15

Answer Stats

HintAnswer% Correct
WèpWasp
92%
EfnêteWindow
83%
MiuxBetter
75%
SeutirJump
75%
WarderKeep
75%
CantSong
75%
Avoèr kerTo love
75%
NdinInside
67%
RéclameAdvertisment
58%
ZiuEye
58%
VoleuThief
58%
RaboénirImprove
50%
TchuinCorner
42%
PadoleClumsy
33%
NicheJoke
17%

Score Distribution

Percentile by Number Answered

Percent of People with Each Score

Your Score History

You have not taken this quiz